[Event "Rivera Huila Hernandez Memorial-B"]
[Site "Rivera Huila"]
[Date "2023.07.21"]
[Round "3"]
[White "Velez Alvarez, Laura Camila"]
[Black "Alvarez Angel, Nelson Eduardo"]
[Result "0-1"]
[WhiteElo "1796"]
[BlackElo "2037"]
[PlyCount "106"]
[EventDate "2023.07.20"]
[EventType "swiss"]
[EventRounds "7"]
[EventCountry "COL"]
[SourceTitle "CBM 215 Extra"]
[Source "ChessBase"]
[SourceDate "2023.09.30"]
[SourceVersion "1"]
[SourceVersionDate "2023.09.30"]
[SourceQuality "1"]

1. e4 c5 2. Nf3 Nc6 3. d4 cxd4 4. Nxd4 Qb6 5. Nxc6 bxc6 6. c4 g6 7. Nc3 Bg7 8. Qc2 Nf6 9. Be2 0-0 10. Be3 Qa5 11. Bd2 Qc7 12. 0-0 d5 13. cxd5 cxd5 14. exd5 Nxd5 15. Rac1 Nxc3 16. Bxc3 Bf5 17. Qa4 Bxc3 18. Rxc3 Qb6 19. b3 Rad8 20. Qh4 e5 21. g4 Rd4 22. Qh6 Bxg4 23. Re1 Qa5 24. Qe3 Bxe2 25. Rxe2 Rg4+ 26. Kf1 Rd8 27. f3 Rgd4 28. Kf2 Qb6 29. Rc4 Rxc4 30. Qxb6 axb6 31. bxc4 Rc8 32. Rxe5 Rxc4 33. Rb5 Rc2+ 34. Kg3 Rc6 35. Kf4 Kg7 36. Ke5 Rc2 37. a4 Ra2 38. Rb4 Rxh2 39. Rxb6 Ra2 40. Rb4 h5 41. Rh4 Ra3 42. Kd5 Rxf3 43. Kc6 Ra3 44. Kb5 f5 45. a5 g5 46. Ra4 Rxa4 47. Kxa4 f4 48. a6 f3 49. a7 f2 50. a8Q f1Q 51. Qb7+ Qf7 52. Qb2+ Qf6 53. Qb7+ Kh6 0-1

[Event "Rivera Huila Hernandez Memorial-B"]
[Site "Rivera Huila"]
[Date "2023.07.20"]
[Round "1"]
[White "Vizcaya Robles, Jordan Fabian"]
[Black "Alvarez Angel, Nelson Eduardo"]
[Result "0-1"]
[WhiteElo "1391"]
[BlackElo "2037"]
[PlyCount "106"]
[EventDate "2023.07.20"]
[EventType "swiss"]
[EventRounds "7"]
[EventCountry "COL"]
[SourceTitle "CBM 215 Extra"]
[Source "ChessBase"]
[SourceDate "2023.09.30"]
[SourceVersion "1"]
[SourceVersionDate "2023.09.30"]
[SourceQuality "1"]

1. e4 c5 2. Nc3 a6 3. d3 b5 4. f4 b4 5. Nce2 Bb7 6. Nf3 e6 7. a3 a5 8. c3 Qb6 9. Be3 Nf6 10. axb4 axb4 11. Rxa8 Bxa8 12. cxb4 Qxb4+ 13. Qd2 Nc6 14. Nc3 Be7 15. Be2 0-0 16. 0-0 d5 17. exd5 exd5 18. d4 Ng4 19. Nxd5 Qxd2 20. Nxe7+ Nxe7 21. Bxd2 cxd4 22. Nxd4 Rd8 23. Bxg4 Rxd4 24. Bc3 Rd8 25. f5 Nd5 26. Rd1 Rb8 27. Be5 Re8 28. Bd4 Nf4 29. g3 h5 30. gxf4 hxg4 31. Kf2 Bf3 32. Rd2 Be4 33. f6 gxf6 34. Bxf6 Kh7 35. Re2 Kg6 36. Bc3 Kf5 37. Kg3 f6 38. h3 gxh3 39. Kxh3 Kxf4 40. Rf2+ Bf3 41. Bxf6 Rf8 42. Bg7 Rg8 43. Bh6+ Ke4 44. Rxf3 Kxf3 45. Kh4 Ke4 46. Bg5 Kf5 47. Bd2 Rd8 48. Be3 Rb8 49. Bc1 Rb3 50. Bg5 Rb4+ 51. Kh5 Rxb2 52. Bh4 Rh2 53. Kh6 Rxh4+ 0-1

[Event "COL-chT"]
[Site "Santa Marta"]
[Date "2022.11.05"]
[Round "6.4"]
[White "Alvarez Angel, Nelson Eduardo"]
[Black "Guayara Diaz, William Alonso"]
[Result "1-0"]
[WhiteElo "2023"]
[BlackElo "1921"]
[PlyCount "103"]
[EventDate "2022.11.02"]
[EventType "team-swiss"]
[EventRounds "7"]
[EventCountry "COL"]
[SourceTitle "CBM 211 Extra"]
[Source "ChessBase"]
[SourceDate "2023.01.31"]
[SourceVersion "1"]
[SourceVersionDate "2023.01.31"]
[SourceQuality "1"]
[WhiteTeam "Caqueta"]
[BlackTeam "Narino"]
[WhiteTeamCountry "COL"]
[BlackTeamCountry "COL"]

1. d4 Nf6 2. c4 e6 3. Nc3 Bb4 4. Qc2 b6 5. Nf3 Bb7 6. Bg5 h6 7. Bh4 g5 8. Bg3 Ne4 9. Nd2 f5 10. e3 Bxc3 11. bxc3 d6 12. f3 Nxd2 13. Qxd2 Nd7 14. Bd3 Qf6 15. a4 a5 16. Rb1 Rf8 17. h4 f4 18. hxg5 hxg5 19. exf4 gxf4 20. Bh4 Qg7 21. Kf2 e5 22. Rbe1 Rg8 23. Rh2 Kf8 24. Bf5 Re8 25. Bxd7 Qxd7 26. dxe5 Qf5 27. exd6 Rxe1 28. Kxe1 Qe5+ 29. Kf2 cxd6 30. Rh1 Qe3+ 31. Qxe3 fxe3+ 32. Kxe3 Rxg2 33. Rd1 Rc2 34. Bf6 Bc6 35. Rxd6 Bxa4 36. Rxb6 Kf7 37. c5 Be8 38. Bd4 Ke7 39. Ra6 a4 40. Bf6+ Kf7 41. Be5 Bb5 42. Rb6 Re2+ 43. Kf4 Bd7 44. c6 Be6 45. c7 Bd7 46. Rb8 a3 47. c8Q Bxc8 48. Rxc8 a2 49. Ra8 Ke6 50. c4 Rc2 51. Ra6+ Kd7 52. Kf5 1-0

[Event "COL-chT Rapid"]
[Site "Santa Marta"]
[Date "2022.11.03"]
[Round "3.2"]
[White "Panesso Rivera, Henry"]
[Black "Alvarez Angel, Nelson Eduardo"]
[Result "0-1"]
[WhiteElo "2405"]
[BlackElo "1963"]
[PlyCount "80"]
[EventDate "2022.11.02"]
[EventType "team-swiss"]
[EventRounds "7"]
[EventCountry "COL"]
[SourceTitle "CBM 211 Extra"]
[Source "ChessBase"]
[SourceDate "2023.01.31"]
[SourceVersion "1"]
[SourceVersionDate "2023.01.31"]
[SourceQuality "1"]
[WhiteTeam "Antioquia"]
[BlackTeam "Caqueta"]
[WhiteTeamCountry "COL"]
[BlackTeamCountry "COL"]

1. Nf3 c5 2. g3 Nc6 3. c4 e5 4. d3 g6 5. Nc3 Bg7 6. Bg5 Nge7 7. Bg2 0-0 8. Qd2 d6 9. h4 f6 10. Bh6 Be6 11. h5 g5 12. Bxg7 Kxg7 13. h6+ Kh8 14. e4 Nd4 15. Nxd4 cxd4 16. Nd5 Nxd5 17. cxd5 Bd7 18. 0-0-0 b5 19. Kb1 Rc8 20. f4 gxf4 21. gxf4 Rg8 22. Rc1 Rg3 23. f5 b4 24. Rxc8 Bxc8 25. Rc1 Ba6 26. Bf1 Rg1 27. Ka1 Qg8 28. Rb1 Qb8 29. Qh2 Qg8 30. Qc2 Qb8 31. Rc1 Kg8 32. Qh2 Rg5 33. Be2 Kf7 34. Qh1 Bb5 35. Qd1 a5 36. Qc2 Bd7 37. Kb1 Ke7 38. Qc4 Rg2 39. Bf1 Rf2 40. Qc2 Rxc2 0-1

[Event "COL-ch U26"]
[Site "Cali"]
[Date "2022.09.29"]
[Round "4"]
[White "Martinez Zuluaica, Julian"]
[Black "Alvarez Angel, Nelson Eduardo"]
[Result "1-0"]
[WhiteElo "2141"]
[BlackElo "2023"]
[PlyCount "227"]
[EventDate "2022.09.28"]
[EventType "swiss"]
[EventRounds "6"]
[EventCountry "COL"]
[SourceTitle "CBM 210 Extra"]
[Source "ChessBase"]
[SourceDate "2022.11.30"]
[SourceVersion "1"]
[SourceVersionDate "2022.11.30"]
[SourceQuality "1"]

1. e4 e5 2. Nf3 Nc6 3. Bb5 Nge7 4. c3 a6 5. Ba4 g6 6. d4 exd4 7. cxd4 b5 8. Bb3 Bg7 9. 0-0 d6 10. h3 0-0 11. Nc3 Na5 12. Bc2 Nc4 13. b3 Nb6 14. Bg5 Bb7 15. Rc1 Re8 16. Qd2 c5 17. a4 bxa4 18. Nxa4 Nxa4 19. bxa4 cxd4 20. Nxd4 d5 21. Rb1 Qd7 22. Qb4 Nc6 23. Nxc6 Bxc6 24. Rfd1 d4 25. f3 Qa7 26. Qb6 Qxb6 27. Rxb6 Rec8 28. a5 d3 29. Bxd3 Bd4+ 30. Kh2 Bxb6 31. axb6 Rcb8 32. Rb1 Bb5 33. Bxb5 Rxb6 34. Bd3 Rxb1 35. Bxb1 a5 36. Ba2 a4 37. Be7 a3 38. e5 Kg7 39. Kg3 Rc8 40. e6 fxe6 41. Bxa3 Kf7 42. Bd6 Kf6 43. f4 Rc3+ 44. Kh2 Kf7 45. Be5 Rc1 46. Bb3 Rb1 47. Bc2 Re1 48. Kg3 Re2 49. Bd1 Rd2 50. Bf3 h6 51. h4 h5 52. Bc3 Rc2 53. Ba5 Ra2 54. Bd8 Rc2 55. Be4 Rd2 56. Bg5 Rd4 57. Kf3 Ra4 58. Bd8 Ra3+ 59. Kf2 Ra2+ 60. Ke3 Ra3+ 61. Kd4 Ra2 62. Ke5 Re2 63. Ba5 Ra2 64. Bc3 Re2 65. Kd4 Ra2 66. Bf3 Ra4+ 67. Ke5 Ra3 68. Bd4 Ra5+ 69. Kd6 Ra4 70. Be5 Ra6+ 71. Kd7 Ra7+ 72. Bc7 Ra2 73. Bc6 Rd2+ 74. Bd6 Rd4 75. Bf3 Rd2 76. g3 Rd4 77. Be2 Ra4 78. Bd1 Ra7+ 79. Bc7 Ra3 80. Be2 Ra4 81. Bf1 Rd4+ 82. Bd6 Ra4 83. Bh3 Ra7+ 84. Bc7 Kf6 85. Bf1 Kf5 86. Be2 Ra3 87. Bc4 Rxg3 88. Bxe6+ Ke4 89. Ke7 Rc3 90. Be5 Rc6 91. Kf7 Rb6 92. Ba2 Kf5 93. Kg7 Rb7+ 94. Kh6 Rb6 95. Bc7 Rc6 96. Bd8 g5+ 97. Kxh5 gxf4 98. Bb1+ Ke5 99. Kg4 Rc1 100. Bh7 Rg1+ 101. Kf3 Rg3+ 102. Kf2 Rg7 103. Bb1 Rb7 104. Bg6 Rd7 105. Bg5 Rb7 106. h5 Rb2+ 107. Kf1 Rh2 108. h6 f3 109. h7 Ke6 110. Bd2 Kf6 111. Bd3 f2 112. Bc3+ Ke6 113. h8Q Rxh8 114. Bxh8 1-0

[Event "COL Subzt 2.3.4"]
[Site "Risarald"]
[Date "2021.11.24"]
[Round "3"]
[White "Arango, Jesus Eduardo"]
[Black "Alvarez Angel, Nelson Eduardo"]
[Result "0-1"]
[WhiteElo "1743"]
[BlackElo "2083"]
[PlyCount "52"]
[EventDate "2021.11.23"]
[EventType "swiss"]
[EventRounds "9"]
[EventCountry "COL"]
[SourceTitle "CBM 205 Extra"]
[Source "ChessBase"]
[SourceDate "2022.01.31"]
[SourceVersion "1"]
[SourceVersionDate "2022.01.31"]
[SourceQuality "1"]

1. e4 c5 2. Nf3 Nc6 3. d4 cxd4 4. Nxd4 Qb6 5. Nb5 a6 6. Be3 Qd8 7. N5c3 e6 8. a3 Nf6 9. Be2 Be7 10. 0-0 0-0 11. f4 d6 12. Nd2 b5 13. Qe1 Bb7 14. Qf2 b4 15. Bb6 Qd7 16. axb4 Nxb4 17. Rac1 a5 18. Bf3 Rfc8 19. Rfd1 a4 20. Qd4 d5 21. e5 Ne8 22. Nde4 Qc6 23. Nf2 Ra6 24. Bxd5 Nxd5 25. Nxd5 exd5 26. c4 Qxb6 0-1

[Event "Ibague op"]
[Site "Ibague"]
[Date "2021.10.20"]
[Round "2"]
[White "Pereira Vera, Henry Alberto"]
[Black "Alvarez Angel, Nelson Eduardo"]
[Result "1/2-1/2"]
[WhiteElo "1739"]
[BlackElo "2036"]
[PlyCount "26"]
[EventDate "2021.10.20"]
[EventType "swiss"]
[EventRounds "9"]
[EventCountry "COL"]
[SourceTitle "CBM 204 Extra"]
[Source "ChessBase"]
[SourceDate "2021.11.30"]
[SourceVersion "1"]
[SourceVersionDate "2021.11.30"]
[SourceQuality "1"]

1. b3 g6 2. Bb2 Nf6 3. Bxf6 exf6 4. c4 Bg7 5. Nc3 f5 6. g3 0-0 7. Bg2 Nc6 8. Rc1 b6 9. Nh3 Re8 10. 0-0 Rb8 11. Nf4 Bb7 12. e3 h5 13. d4 d6 1/2-1/2

[Event "Feria de las Flores 28th"]
[Site "Medellin"]
[Date "2021.08.06"]
[Round "5"]
[White "Alvarez Angel, Nelson Eduardo"]
[Black "Carrillo Parra, Miguel Alfredo"]
[Result "0-1"]
[WhiteElo "2078"]
[BlackElo "2112"]
[PlyCount "122"]
[EventDate "2021.08.04"]
[EventType "swiss"]
[EventRounds "9"]
[EventCountry "COL"]
[SourceTitle "EXT 2022"]
[Source "ChessBase"]
[SourceDate "2021.10.06"]
[SourceVersion "1"]
[SourceVersionDate "2021.10.06"]
[SourceQuality "1"]

1. d4 d5 2. c4 e6 3. cxd5 exd5 4. Nc3 c6 5. Qc2 Bd6 6. Nf3 Ne7 7. Bg5 f6 8. Bh4 Bf5 9. Qd2 0-0 10. e3 Nd7 11. Bg3 Nb6 12. Bxd6 Qxd6 13. b3 Rae8 14. Be2 Bg6 15. 0-0 Nf5 16. a4 Qe7 17. a5 Nd7 18. b4 a6 19. Na4 Nd6 20. Nc5 Ne4 21. Qb2 Ndxc5 22. bxc5 Bf5 23. Nd2 Ng5 24. Ra3 Bc8 25. Rb3 Qf7 26. f3 Kh8 27. Re1 Re7 28. e4 Rfe8 29. h4 Ne6 30. Bf1 Nf4 31. g3 Qg6 32. Kh2 Nh5 33. g4 Nf4 34. e5 Qh6 35. Kg3 Ng6 36. h5 Nf4 37. Rbe3 Qg5 38. Kf2 Qh4+ 39. Kg1 Qg3+ 40. Kh1 Qh4+ 41. Kg1 g6 42. h6 Qg3+ 43. Kh1 Qh4+ 44. Kg1 f5 45. Bg2 Qxh6 46. Nf1 fxg4 47. fxg4 Bxg4 48. Qf2 Rf8 49. Qg3 Nxg2 50. Kxg2 Be6 51. Nd2 Ref7 52. Nf3 Rf4 53. Rh1 Qg7 54. Ng5 Bg8 55. e6 Qxd4 56. e7 Re8 57. Rd1 Qf6 58. Rb1 d4 59. Ree1 Bd5+ 60. Kg1 Qf5 61. Rf1 Rg4 0-1

[Event "COL-ch Cat B/C U2200"]
[Site "Medellin"]
[Date "2021.06.11"]
[Round "2"]
[White "Gomez, Jorge Leonardo"]
[Black "Alvarez Angel, Nelson Eduardo"]
[Result "0-1"]
[WhiteElo "1835"]
[BlackElo "1987"]
[PlyCount "50"]
[EventDate "2021.06.10"]
[EventType "swiss"]
[EventRounds "7"]
[EventCountry "COL"]
[SourceTitle "EXT 2022"]
[Source "ChessBase"]
[SourceDate "2021.10.06"]
[SourceVersion "1"]
[SourceVersionDate "2021.10.06"]
[SourceQuality "1"]

1. d4 Nf6 2. Nf3 d5 3. c4 dxc4 4. Nc3 a6 5. e4 b5 6. e5 Nd5 7. a4 b4 8. Ne4 e6 9. Bxc4 Bb7 10. Qe2 Nd7 11. 0-0 Be7 12. Nfg5 h6 13. Qh5 0-0 14. Bd3 c5 15. Nxe6 fxe6 16. Qg6 Nf4 17. Bxf4 Rxf4 18. Qxe6+ Kh8 19. d5 Nf8 20. Qh3 Qxd5 21. Rae1 Rd8 22. Bb1 a5 23. Re3 Qd4 24. Ng3 Qxb2 25. Nf5 Qxf2+ 0-1

[Event "Florencia Caqueta-ch"]
[Site "Florencia"]
[Date "2021.04.01"]
[Round "4"]
[White "Saenz Leyva, Oscar Eduardo"]
[Black "Alvarez Angel, Nelson Eduardo"]
[Result "0-1"]
[WhiteElo "1593"]
[BlackElo "2011"]
[PlyCount "46"]
[EventDate "2021.03.30"]
[EventType "swiss"]
[EventRounds "6"]
[EventCountry "COL"]
[SourceTitle "EXT 2022"]
[Source "ChessBase"]
[SourceDate "2021.10.06"]
[SourceVersion "1"]
[SourceVersionDate "2021.10.06"]
[SourceQuality "1"]

1. e4 e5 2. Nf3 Nc6 3. Bc4 Bc5 4. c3 Nf6 5. d3 h6 6. b4 Bb6 7. b5 Na5 8. Nxe5 0-0 9. h3 d6 10. Nf3 Nxc4 11. dxc4 Nxe4 12. Nd4 Qf6 13. Be3 Be6 14. Qc2 Qg6 15. g4 Rae8 16. f3 Ng5 17. Qxg6 fxg6 18. f4 Bxc4 19. Kf2 Ne4+ 20. Kg2 Nxc3 21. Bf2 Bd5+ 22. Nf3 Re2 23. Rf1 Ne4 0-1

[Event "Florencia Caqueta-ch"]
[Site "Florencia"]
[Date "2021.03.30"]
[Round "1"]
[White "Restrepo Charry, Sebastian"]
[Black "Alvarez Angel, Nelson Eduardo"]
[Result "0-1"]
[WhiteElo "1667"]
[BlackElo "2011"]
[PlyCount "114"]
[EventDate "2021.03.30"]
[EventType "swiss"]
[EventRounds "6"]
[EventCountry "COL"]
[SourceTitle "EXT 2022"]
[Source "ChessBase"]
[SourceDate "2021.10.06"]
[SourceVersion "1"]
[SourceVersionDate "2021.10.06"]
[SourceQuality "1"]

1. e4 e5 2. Nc3 Nc6 3. Bc4 Bc5 4. d3 d6 5. Be3 Bb6 6. Nge2 Be6 7. Nd5 Nge7 8. Nec3 Qd7 9. Qe2 Nd4 10. Nxb6 Nxe2 11. Nxd7 Nxc3 12. Bxe6 fxe6 13. Nxe5 Nxe4 14. dxe4 dxe5 15. 0-0-0 Rd8 16. Rxd8+ Kxd8 17. Bg5 h6 18. Rd1+ Ke8 19. Bh4 g5 20. Bg3 Ng6 21. Rd3 h5 22. f3 h4 23. Bf2 b6 24. Be3 Nf4 25. Bxf4 gxf4 26. h3 Rg8 27. Rd2 Ke7 28. c3 a5 29. a4 c6 30. Kc2 b5 31. Kb3 Rb8 32. axb5 cxb5 33. c4 a4+ 34. Kb4 bxc4+ 35. Kxa4 Rb3 36. Ka5 Rd3 37. Rc2 Kd6 38. Kb5 Rd4 39. Kb4 Kd7 40. Kb5 Ke7 41. Kc5 Kd7 42. Kb6 Kd8 43. Kb7 Rd6 44. Re2 Ke7 45. Kc7 Ra6 46. Kb7 Ra2 47. Rc2 c3 48. Rxc3 Rxb2+ 49. Kc8 Rxg2 50. Rc7+ Kf6 51. Kd8 Rg3 52. Ke8 Rxh3 53. Rf7+ Kg6 54. Ke7 Rxf3 55. Kxe6 h3 56. Rf8 h2 57. Rf6+ Kg7 0-1

[Event "COL-ch U20"]
[Site "Duitama"]
[Date "2021.03.20"]
[Round "4"]
[White "Alvarez Angel, Nelson Eduardo"]
[Black "Cardoso Cardoso, Jose Gabriel"]
[Result "0-1"]
[WhiteElo "2011"]
[BlackElo "2407"]
[PlyCount "79"]
[EventDate "2021.03.18"]
[EventType "swiss"]
[EventRounds "7"]
[EventCountry "COL"]
[SourceTitle "EXT 2022"]
[Source "ChessBase"]
[SourceDate "2021.10.06"]
[SourceVersion "1"]
[SourceVersionDate "2021.10.06"]
[SourceQuality "1"]

1. d4 d5 2. c4 e6 3. Nc3 Bb4 4. cxd5 exd5 5. Qc2 Ne7 6. a3 Ba5 7. Bg5 Bf5 8. Qb3 Nbc6 9. e3 Qd7 10. Bb5 f6 11. Bf4 h5 12. f3 Qe6 13. Kd2 0-0-0 14. Bg3 Rhe8 15. Nge2 g5 16. Bf2 Bg6 17. Rhe1 Nf5 18. Ng3 Nd6 19. Be2 Ne5 20. dxe5 Ne4+ 21. fxe4 dxe4+ 22. Kc2 Rd2+ 23. Kxd2 Qxb3 24. Reb1 h4 25. Bg4+ Kb8 26. Nge2 Rd8+ 27. Ke1 f5 28. Bh3 g4 29. Bxh4 Rd3 30. e6 Qxe6 31. Nf4 Rxe3+ 32. Kf2 Qb6 33. Nfd5 Rf3+ 34. Ke1 Qg1+ 35. Ke2 Qd4 36. gxf3 exf3+ 37. Kf1 gxh3 38. Bf6 Qd2 39. Ne3 f4 40. Bh4 0-1

[Event "COL-ch U20"]
[Site "Duitama"]
[Date "2021.03.19"]
[Round "3"]
[White "Alvarez Angel, Nelson Eduardo"]
[Black "Londono Lopez, Donaldo Eliuver"]
[Result "1-0"]
[WhiteElo "2011"]
[BlackElo "1963"]
[PlyCount "43"]
[EventDate "2021.03.18"]
[EventType "swiss"]
[EventRounds "7"]
[EventCountry "COL"]
[SourceTitle "EXT 2022"]
[Source "ChessBase"]
[SourceDate "2021.10.06"]
[SourceVersion "1"]
[SourceVersionDate "2021.10.06"]
[SourceQuality "1"]

1. d4 Nf6 2. c4 g6 3. Nc3 d5 4. Bg5 Bg7 5. e3 c5 6. Nf3 Qa5 7. Bxf6 Bxf6 8. cxd5 0-0 9. Be2 Rd8 10. 0-0 cxd4 11. Nxd4 e6 12. e4 a6 13. Nb3 Qb4 14. Qc2 b6 15. Rfd1 Bb7 16. dxe6 Rxd1+ 17. Rxd1 fxe6 18. a3 Qf8 19. Bg4 Kf7 20. Na4 h5 21. Bxe6+ Kxe6 22. Qc4+ 1-0

[Event "Antioquia op"]
[Site "Antioquia"]
[Date "2020.03.06"]
[Round "6"]
[White "Guarin Fonseca, Nobel Alfredo"]
[Black "Alvarez Angel, Nelson Eduardo"]
[Result "1-0"]
[WhiteElo "1713"]
[BlackElo "2052"]
[PlyCount "63"]
[EventDate "2020.03.03"]
[EventType "swiss"]
[EventRounds "9"]
[EventCountry "COL"]
[SourceTitle "CBM 195 Extra"]
[Source "ChessBase"]
[SourceDate "2020.05.31"]
[SourceVersion "1"]
[SourceVersionDate "2020.05.31"]
[SourceQuality "1"]

1. e4 e5 2. Nf3 Nc6 3. Bc4 Bc5 4. c3 Nf6 5. d4 exd4 6. e5 d5 7. Bb5 Ne4 8. cxd4 Bb4+ 9. Bd2 Nxd2 10. Nbxd2 0-0 11. a3 Be7 12. 0-0 Bd7 13. Rc1 Nxe5 14. Bxd7 Nxd7 15. Qb3 Nb6 16. a4 a5 17. Rfe1 Bb4 18. Re5 Qd7 19. Qc2 Bd6 20. Rh5 g6 21. Ng5 Be7 22. Ndf3 Bxg5 23. Nxg5 Rfe8 24. Rxh7 Qe7 25. h4 Qd6 26. Rxf7 Nd7 27. g3 c6 28. h5 Nf8 29. hxg6 Re7 30. Qf5 Rae8 31. g7 Ng6 32. Qh3 1-0

[Event "COL-ch U20"]
[Site "Tolima"]
[Date "2020.02.14"]
[Round "4"]
[White "Alvarez Angel, Nelson Eduardo"]
[Black "Cardoso Cardoso, Jose Gabriel"]
[Result "0-1"]
[WhiteElo "2038"]
[BlackElo "2380"]
[PlyCount "102"]
[EventDate "2020.02.12"]
[EventType "swiss"]
[EventRounds "7"]
[EventCountry "COL"]
[SourceTitle "CBM 195 Extra"]
[Source "ChessBase"]
[SourceDate "2020.05.31"]
[SourceVersion "1"]
[SourceVersionDate "2020.05.31"]
[SourceQuality "1"]

1. d4 Nf6 2. c4 e6 3. Nc3 Bb4 4. Qc2 0-0 5. Nf3 c5 6. dxc5 Bxc5 7. Bg5 Be7 8. e3 d6 9. Be2 Nbd7 10. 0-0 Qc7 11. Rfd1 a6 12. Rac1 b6 13. b4 Bb7 14. Qb3 Rac8 15. Nd4 Qb8 16. f3 Rfe8 17. e4 Bd8 18. Bf1 Bc7 19. h3 h6 20. Bh4 g5 21. Bf2 Kh8 22. Qb2 Rg8 23. Qd2 Rg6 24. b5 Ne5 25. bxa6 Bxa6 26. Ndb5 Ne8 27. Nxc7 Rxc7 28. Nb5 Rc6 29. Bd4 Kg8 30. Bxe5 dxe5 31. Qd7 Rc8 32. Qe7 Rg7 33. Rd7 Bxb5 34. cxb5 Rxc1 35. Rd8 Qc7 36. Rxe8+ Kh7 37. Qxc7 Rxc7 38. Rb8 Rc2 39. Rxb6 Rxa2 40. Rc6 Rg8 41. Rc1 Rd8 42. Kh2 Rdd2 43. h4 Kg6 44. Kh3 Rab2 45. Ra1 Rb4 46. hxg5 hxg5 47. Rc1 Rdb2 48. Rc6 Rb1 49. Be2 R4b2 50. Bd3 Rh1+ 51. Kg3 Rg1 0-1

[Event "COL-ch U20"]
[Site "Tolima"]
[Date "2020.02.14"]
[Round "5"]
[White "Mora Munoz, John Alexander"]
[Black "Alvarez Angel, Nelson Eduardo"]
[Result "0-1"]
[WhiteElo "1561"]
[BlackElo "2038"]
[PlyCount "74"]
[EventDate "2020.02.12"]
[EventType "swiss"]
[EventRounds "7"]
[EventCountry "COL"]
[SourceTitle "CBM 195 Extra"]
[Source "ChessBase"]
[SourceDate "2020.05.31"]
[SourceVersion "1"]
[SourceVersionDate "2020.05.31"]
[SourceQuality "1"]

1. d4 d5 2. c4 dxc4 3. Nc3 a6 4. a4 Nc6 5. d5 Na5 6. e4 e6 7. Nf3 Nf6 8. Bg5 Be7 9. Be2 exd5 10. exd5 0-0 11. 0-0 h6 12. Bh4 Bg4 13. h3 Bh5 14. Ne5 Bxe2 15. Qxe2 Nxd5 16. Nxd5 Qxd5 17. Bxe7 Rfe8 18. Rfd1 Qe6 19. Qe1 Nb3 20. Rab1 Rxe7 21. Nxc4 Qxe1+ 22. Rxe1 Rae8 23. Red1 Re4 24. Rd3 Nc5 25. Re3 Rxe3 26. Nxe3 Nxa4 27. b3 Nc3 28. Rb2 Nd1 29. Nxd1 Re1+ 30. Kh2 Rxd1 31. Kg3 Rd4 32. Kf3 Rb4 33. Ke2 c5 34. Kd2 c4 35. Rc2 cxb3 36. Rc8+ Kh7 37. Kc1 b2+ 0-1

[Event "COL-ch U20"]
[Site "Tolima"]
[Date "2020.02.13"]
[Round "3"]
[White "Lopez Rayo, Santiago"]
[Black "Alvarez Angel, Nelson Eduardo"]
[Result "1/2-1/2"]
[WhiteElo "1936"]
[BlackElo "2038"]
[PlyCount "74"]
[EventDate "2020.02.12"]
[EventType "swiss"]
[EventRounds "7"]
[EventCountry "COL"]
[SourceTitle "CBM 195 Extra"]
[Source "ChessBase"]
[SourceDate "2020.05.31"]
[SourceVersion "1"]
[SourceVersionDate "2020.05.31"]
[SourceQuality "1"]

1. e4 c5 2. Nf3 Nc6 3. d4 cxd4 4. Nxd4 Qb6 5. Nb3 Nf6 6. Nc3 e6 7. Qe2 Bb4 8. Bd2 0-0 9. a3 Bxc3 10. Bxc3 e5 11. 0-0-0 Rd8 12. g4 d5 13. exd5 Nxd5 14. Bxe5 Bxg4 15. Qxg4 Nxe5 16. Qe4 Qh6+ 17. Nd2 Qf4 18. Re1 Ng4 19. Bc4 Qxd2+ 20. Kxd2 Ndf6+ 21. Qd3 Nxf2 22. Rhf1 Nxd3 23. Bxd3 Re8 24. b4 Rxe1 25. Rxe1 Re8 26. c4 Rxe1 27. Kxe1 Ng4 28. c5 Nxh2 29. Be4 Kf8 30. Bxb7 Ke7 31. b5 Ng4 32. a4 Kd7 33. a5 Ne5 34. Ke2 Kc7 35. Be4 Nd7 36. b6+ axb6 37. cxb6+ Kb8 1/2-1/2

[Event "COL Intercollegiate-ch blitz U18"]
[Site "Paipa"]
[Date "2019.12.15"]
[Round "7"]
[White "Alvarez Angel, Nelson Eduardo"]
[Black "Perea Erazo, Janyert Julian"]
[Result "0-1"]
[WhiteElo "1814"]
[BlackElo "1590"]
[PlyCount "149"]
[EventDate "2019.12.15"]
[EventType "swiss (blitz)"]
[EventRounds "12"]
[EventCountry "COL"]
[SourceTitle "CBM 193 Extra"]
[Source "ChessBase"]
[SourceDate "2020.01.31"]
[SourceVersion "1"]
[SourceVersionDate "2020.01.31"]
[SourceQuality "1"]

1. d4 Nf6 2. c4 e5 3. dxe5 Ng4 4. Bf4 Nc6 5. Nf3 Bb4+ 6. Nbd2 Qe7 7. e3 Ngxe5 8. Nxe5 Nxe5 9. Be2 d6 10. 0-0 a5 11. Nb3 a4 12. a3 Bc3 13. bxc3 axb3 14. Qxb3 Nd7 15. Qc2 0-0 16. Kh1 Nc5 17. f3 Qf6 18. Bg3 Bf5 19. e4 Bg6 20. Bf2 Ne6 21. Rfb1 b6 22. a4 Nf4 23. Bf1 Rfe8 24. Qd2 Ra5 25. Bd4 Qe7 26. Qxf4 Rh5 27. Rb5 c5 28. Bf2 Qc7 29. a5 bxa5 30. Rbxa5 h6 31. Ra8 Rxa8 32. Rxa8+ Kh7 33. Ra6 Re5 34. Bg3 Qb7 35. Rxd6 Qb1 36. Kg1 Re7 37. Qd2 Ra7 38. Qd1 Qb2 39. Qd2 Qb3 40. Bf2 Ra2 41. Qd1 Qb2 42. Qe1 Ra1 43. Rd1 Ra3 44. Bxc5 Ra2 45. Qf2 Qb3 46. Rd2 Ra1 47. g3 Bh5 48. Kg2 Qb7 49. h4 Qc8 50. Bd4 Bg6 51. g4 h5 52. g5 Qc7 53. f4 Bxe4+ 54. Kh2 g6 55. Bg2 Bf5 56. Bd5 Rc1 57. Be5 Qa5 58. Bxf7 Qa1 59. Bd5 Rf1 60. Qg2 Qe1 61. Re2 Qxh4+ 62. Qh3 Bxh3 63. Bg2 Bxg2+ 64. Kxg2 Re1 65. Rxe1 Qxe1 66. c5 Qe4+ 67. Kf2 Qd5 68. Bd4 Kg8 69. Ke3 Kf7 70. Kd2 Ke6 71. Ke3 Kf5 72. Be5 Qc4 73. Kd2 Ke4 74. Kc2 Qa2+ 75. Kc1 0-1

[Event "COL Intercollegiate-ch blitz U18"]
[Site "Paipa"]
[Date "2019.12.15"]
[Round "4"]
[White "Alvarez Angel, Nelson Eduardo"]
[Black "Rico Duran, Juan Sebastian1111"]
[Result "1-0"]
[WhiteElo "1814"]
[BlackElo "1584"]
[PlyCount "55"]
[EventDate "2019.12.15"]
[EventType "swiss (blitz)"]
[EventRounds "12"]
[EventCountry "COL"]
[SourceTitle "CBM 193 Extra"]
[Source "ChessBase"]
[SourceDate "2020.01.31"]
[SourceVersion "1"]
[SourceVersionDate "2020.01.31"]
[SourceQuality "1"]

1. d4 d5 2. c4 c6 3. Nc3 Nf6 4. Bg5 Nbd7 5. e3 e6 6. cxd5 exd5 7. Bd3 h6 8. Bh4 Bd6 9. Qc2 0-0 10. Nge2 Re8 11. 0-0 Bxh2+ 12. Kxh2 Ng4+ 13. Kg3 g5 14. Kxg4 gxh4 15. Kh3 Qg5 16. Kh2 Kh8 17. f4 Qg7 18. Rf3 Rg8 19. Rg1 Nf6 20. Bf5 Ne4 21. Bxc8 Raxc8 22. Nxe4 Qh7 23. N2c3 dxe4 24. Qxe4 f5 25. Qe5+ Rg7 26. d5 cxd5 27. Nxd5 Qg6 28. Ne7 1-0